Horror Movie Quotes - Statistics

General Stats
  • This quiz has been taken 496 times
  • The average score is 10 of 15
Answer Stats
Quote Movie % Correct
"Here's Johnny!" The Shining
96%
"Hi, I'm Chucky. Wanna play? Child's Play
93%
"Never say who's there. Don't you watch scary movies? It's a death wish. You might as well come out to investigate a strange noise or something." Scream
91%
"You're going to need a bigger boat." Jaws
90%
"Whatever you do, don't fall asleep." Nightmare on Elm Street
90%
"It's Halloween. Everyone's entitled to one good scare" Halloween
89%
"I see dead people" The Sixth Sense
87%
"Let the games begin" Saw
84%
"A boy's best friend is his mother." Psycho
78%
“A census taker once tried to test me. I ate his liver with some fava beans and a nice chianti.” The Silence of the Lambs
78%
"They're here!" Poltergeist
65%
"He slimed me" Ghostbusters
58%
"Be afraid... Be very afraid." The Fly
19%
"Now I have another reason to hate Christmas" Gremlins
17%
"Why aren't you eating me?" Fido
4%
No matching quizzes found
Score Distribution
Percent of People with Each Score
Percentile by Number Answered
Your Score History
You have not taken this quiz